[Event "PRVA LIGA CENTRALNE SRBIJE 2014"]
[Site "Kraljevo"]
[Date "2014.09.17"]
[Round "6.1"]
[White "Petkov, Vladimir"]
[Black "Zlatanovic, Boroljub"]
[Result "1-0"]
[WhiteElo "2531"]
[BlackElo "2402"]
[PlyCount "53"]
[EventDate "2014.09.13"]

1. d4 g6 2. Nf3 Bg7 3. e4 d6 4. Bc4 Nf6 5. Qe2 O-O 6. e5 dxe5 7. dxe5 Nd5 8. h3
Nb6 9. Bb3 Nc6 10. O-O Nd4 11. Nxd4 Qxd4 12. Re1 Bd7 13. Nd2 Qc5 14. e6 Bxe6
15. Bxe6 fxe6 16. Qxe6+ Kh8 17. Ne4 Qxc2 18. Bg5 Qc4 19. Qxc4 Nxc4 20. Rac1
Nxb2 21. Rxc7 b5 22. Bxe7 Rfc8 23. Rd7 Rc6 24. Ng5 Nc4 25. Bd8 Ne5 26. Nf7+
Nxf7 27. Re8+ 1-0

[Event "PRVA LIGA CENTRALNE SRBIJE 2014"]
[Site "Kraljevo"]
[Date "2014.09.17"]
[Round "6.1"]
[White "Manic, Jovica"]
[Black "Radovanovic, Nikola"]
[Result "1/2-1/2"]
[WhiteElo "2254"]
[BlackElo "2348"]
[PlyCount "46"]
[EventDate "2014.09.13"]

1. Nf3 Nf6 2. c4 g6 3. b3 Bg7 4. Bb2 c5 5. g3 Nc6 6. Bg2 d6 7. O-O O-O 8. d3 a6
9. e3 Rb8 10. Qe2 e5 11. Nc3 Re8 12. h3 Bd7 13. Nd2 Ne7 14. Nde4 Nxe4 15. dxe4
b5 16. Rfd1 b4 17. Nd5 Nxd5 18. Rxd5 Bc6 19. Rd2 Qc7 20. Rad1 Bf8 21. Kh2 Qb7
22. f3 a5 23. Rf1 a4 1/2-1/2

[Event "PRVA LIGA CENTRALNE SRBIJE 2014"]
[Site "Kraljevo"]
[Date "2014.09.17"]
[Round "6.2"]
[White "Pancevski, Filip"]
[Black "Milanovic, Slavisa"]
[Result "1/2-1/2"]
[WhiteElo "2469"]
[BlackElo "2418"]
[PlyCount "46"]
[EventDate "2014.09.13"]

1. e4 e6 2. d4 d5 3. Nd2 c5 4. dxc5 Bxc5 5. Bd3 Nc6 6. Ngf3 Nf6 7. Qe2 Nb4 8.
e5 Nd7 9. Nb3 Be7 10. O-O O-O 11. Nfd4 Nc5 12. Be3 b6 13. Bb5 a6 14. Bc6 Nxc6
15. Nxc6 Qe8 16. Nxe7+ Qxe7 17. Qg4 Nd7 18. Bg5 f6 19. exf6 Nxf6 20. Qd4 Qb7
21. Bxf6 Rxf6 22. c3 Bd7 23. f4 Bb5 1/2-1/2

[Event "PRVA LIGA CENTRALNE SRBIJE 2014"]
[Site "Kraljevo"]
[Date "2014.09.17"]
[Round "6.2"]
[White "Lapcevic, Milos"]
[Black "Dezelin, Milan"]
[Result "1/2-1/2"]
[WhiteElo "2377"]
[BlackElo "2261"]
[PlyCount "36"]
[EventDate "2014.09.13"]

1. d4 Nf6 2. c4 e6 3. Nc3 Bb4 4. e3 c5 5. Bd3 Nc6 6. Nge2 O-O 7. O-O d5 8. cxd5
exd5 9. a3 Bxc3 10. bxc3 c4 11. Bc2 Re8 12. Ng3 b5 13. f3 h5 14. Re1 a5 15. e4
h4 16. Bg5 hxg3 17. e5 gxh2+ 18. Kh1 Ne4 1/2-1/2

[Event "PRVA LIGA CENTRALNE SRBIJE 2014"]
[Site "Kraljevo"]
[Date "2014.09.17"]
[Round "6.2"]
[White "Zajic, Milan"]
[Black "Blesic, Vaso"]
[Result "1/2-1/2"]
[WhiteElo "2426"]
[BlackElo "2366"]
[PlyCount "49"]
[EventDate "2014.09.13"]

1. e4 c5 2. Nf3 g6 3. d4 cxd4 4. Nxd4 Nc6 5. c4 Nf6 6. Nc3 d6 7. Nc2 Bg7 8. Be2
O-O 9. O-O Be6 10. Rb1 Nd7 11. Bd2 a5 12. Qc1 Nc5 13. Bh6 f5 14. Bxg7 Kxg7 15.
b3 f4 16. Kh1 Nd7 17. Nd5 g5 18. g3 Bh3 19. Rg1 e6 20. Qb2+ Nce5 21. Nxf4 gxf4
22. gxf4+ Kh8 23. Qc3 Rxf4 24. Qxh3 Rxf2 25. Qg3 1/2-1/2

[Event "PRVA LIGA CENTRALNE SRBIJE 2014"]
[Site "Kraljevo"]
[Date "2014.09.17"]
[Round "6.2"]
[White "Ivanovic, Dragutin"]
[Black "Cvetanovic, Uros"]
[Result "1/2-1/2"]
[WhiteElo "2339"]
[BlackElo "2323"]
[PlyCount "63"]
[EventDate "2014.09.13"]

1. d4 Nf6 2. c4 e6 3. Nc3 Bb4 4. Qc2 O-O 5. Nf3 b6 6. Bg5 Bb7 7. a3 Bxc3+ 8.
Qxc3 h6 9. Bh4 g5 10. Bg3 Ne4 11. Qc2 f5 12. e3 d6 13. h4 Nxg3 14. fxg3 Be4 15.
Bd3 Bxd3 16. Qxd3 g4 17. Nd2 d5 18. O-O c6 19. cxd5 cxd5 20. Rac1 Qd6 21. e4
dxe4 22. Nxe4 fxe4 23. Qxe4 Nd7 24. Qg6+ Kh8 25. Qxh6+ Kg8 26. Qg6+ Kh8 27.
Qh5+ Kg8 28. Qxg4+ Kh8 29. Qh5+ Kg8 30. Qg6+ Kh8 31. Qh6+ Kg8 32. Qg6+ 1/2-1/2

[Event "PRVA LIGA CENTRALNE SRBIJE 2014"]
[Site "Kraljevo"]
[Date "2014.09.17"]
[Round "6.2"]
[White "Brankovic, Dejan"]
[Black "Ratkovic, Milovan"]
[Result "0-1"]
[WhiteElo "2345"]
[BlackElo "2315"]
[PlyCount "74"]
[EventDate "2014.09.13"]

1. e4 c5 2. Nf3 d6 3. d4 Nf6 4. Nc3 cxd4 5. Qxd4 Bd7 6. Bg5 Nc6 7. Qd2 e6 8.
O-O-O a6 9. Kb1 b5 10. Bxf6 gxf6 11. g4 b4 12. Ne2 e5 13. Rg1 Be6 14. Nh4 Qa5
15. Nc1 O-O-O 16. Rg3 h5 17. Nb3 Qb6 18. Nf5 hxg4 19. f3 d5 20. Qe2 gxf3 21.
Rxf3 dxe4 22. Rxd8+ Qxd8 23. Rf2 Qb6 24. Qxe4 Qxf2 25. Qxc6+ Kd8 26. Bxa6 Bxf5
27. Qa8+ Ke7 28. Qb7+ Bd7 29. Qxb4+ Ke6 30. Qc4+ Kf5 31. Qd3+ Kg5 32. Qxd7 Rxh2
33. Qd1 Rg2 34. Bf1 Rg1 35. Nd2 Kh6 36. a4 Bc5 37. Ka2 Be3 0-1

[Event "PRVA LIGA CENTRALNE SRBIJE 2014"]
[Site "Kraljevo"]
[Date "2014.09.17"]
[Round "6.2"]
[White "Sandic, Vladeta"]
[Black "Djordjevic, Vuk"]
[Result "1-0"]
[WhiteElo "2335"]
[BlackElo "2265"]
[PlyCount "81"]
[EventDate "2014.09.13"]

1. d4 Nf6 2. c4 e6 3. Nc3 Bb4 4. Qc2 O-O 5. a3 Bxc3+ 6. Qxc3 Ne4 7. Qc2 f5 8.
e3 b6 9. Bd3 Bb7 10. Ne2 Qg5 11. Nf4 Qe7 12. O-O Nf6 13. f3 c5 14. Bd2 d6 15.
d5 exd5 16. cxd5 g6 17. Rae1 Rc8 18. e4 fxe4 19. Bxe4 Qf7 20. Bc3 Nbd7 21. Qd2
b5 22. b3 Re8 23. Ba1 a5 24. Ne6 Rec8 25. g4 c4 26. g5 Nxe4 27. fxe4 Qe7 28.
bxc4 Rxc4 29. Rf4 Rac8 30. Ref1 Rc2 31. Qe3 Ne5 32. Bxe5 dxe5 33. Rf8+ Rxf8 34.
Rxf8+ Qxf8 35. Nxf8 Kxf8 36. Qb6 Bc8 37. h4 Bg4 38. Qf6+ Kg8 39. Qxe5 b4 40.
axb4 a4 41. Qe8+ 1-0

[Event "PRVA LIGA CENTRALNE SRBIJE 2014"]
[Site "Kraljevo"]
[Date "2014.09.17"]
[Round "6.3"]
[White "Stankovic, Milos"]
[Black "Arandjelovic, Aleksandar Z"]
[Result "1-0"]
[WhiteElo "2415"]
[BlackElo "2068"]
[PlyCount "79"]
[EventDate "2014.09.13"]

1. e4 c5 2. Nf3 d6 3. d4 cxd4 4. Nxd4 Nf6 5. Nc3 a6 6. g3 e5 7. Nb3 b5 8. a4 b4
9. Nd5 Be6 10. Bg2 a5 11. O-O Nbd7 12. Qd3 Bxd5 13. exd5 Be7 14. Bd2 O-O 15. c3
bxc3 16. Qxc3 Nb6 17. Qc6 Rc8 18. Qb5 Nc4 19. Bc3 Nd7 20. Nxa5 Rc5 21. Nb7 Rxb5
22. Nxd8 Rb3 23. Nc6 Bf6 24. Rfc1 Ra8 25. Rc2 Nc5 26. Bf1 Nb6 27. a5 Nba4 28.
Bc4 Rb7 29. Bb4 e4 30. Ra2 g6 31. a6 Rxb4 32. Nxb4 Bd8 33. Nc6 Nb6 34. b4 Ncd7
35. a7 Nxc4 36. Rxc4 Bb6 37. Rxe4 Nf6 38. Re7 Nxd5 39. Rb7 Bxa7 40. Raxa7 1-0

[Event "PRVA LIGA CENTRALNE SRBIJE 2014"]
[Site "Kraljevo"]
[Date "2014.09.17"]
[Round "6.3"]
[White "Djokic, Nebojsa"]
[Black "Nestorovic, Dejan"]
[Result "1-0"]
[WhiteElo "2180"]
[BlackElo "2425"]
[PlyCount "55"]
[EventDate "2014.09.13"]

1. e4 c5 2. Nf3 e6 3. d4 cxd4 4. Nxd4 a6 5. Nc3 d6 6. Be3 Nf6 7. g4 h6 8. Rg1
Nc6 9. h4 h5 10. g5 Ng4 11. Qd2 Nxe3 12. Qxe3 Qb6 13. O-O-O Nxd4 14. Rxd4 g6
15. Qd2 Bd7 16. Bh3 O-O-O 17. Rd1 Bc6 18. Nd5 Qa7 19. Qa5 b5 20. a4 Bg7 21.
axb5 Bxb5 22. Rb4 Kb8 23. Nb6 Kb7 24. Na4 Ka8 25. Bf1 Rb8 26. Bxb5 axb5 27.
Rxb5 Bxb2+ 28. Nxb2 1-0

[Event "PRVA LIGA CENTRALNE SRBIJE 2014"]
[Site "Kraljevo"]
[Date "2014.09.17"]
[Round "6.3"]
[White "Markovic, Zoran S"]
[Black "Djukic, Slobodan D"]
[Result "1-0"]
[WhiteElo "2358"]
[BlackElo "2195"]
[PlyCount "90"]
[EventDate "2014.09.13"]

1. e4 c5 2. Nf3 d6 3. d4 cxd4 4. Nxd4 Nf6 5. Nc3 a6 6. Be2 e6 7. f4 Be7 8. O-O
O-O 9. Kh1 Nc6 10. Be3 Qc7 11. Qe1 b5 12. a3 Nxd4 13. Bxd4 e5 14. fxe5 dxe5 15.
Qg3 Nd7 16. Nd5 Qd6 17. Bc3 Bb7 18. Rad1 Bxd5 19. Bb4 Qg6 20. Qxg6 hxg6 21.
Rxd5 Bxb4 22. axb4 Nf6 23. Rxe5 Rfe8 24. Rxe8+ Rxe8 25. Bd3 Nxe4 26. Kg1 Nf6
27. Ra1 Re6 28. c4 Rb6 29. cxb5 axb5 30. Ra8+ Kh7 31. Ra5 Rd6 32. Bxb5 Rd1+ 33.
Kf2 Rd2+ 34. Be2 Rxb2 35. b5 Ng4+ 36. Kf3 f5 37. h3 Ne5+ 38. Kf2 Nd3+ 39. Ke3
Ne5 40. Bf1 Rb4 41. Ra2 f4+ 42. Kd2 Rb1 43. Be2 Rg1 44. Ra4 f3 45. gxf3 Nxf3+
1-0

[Event "PRVA LIGA CENTRALNE SRBIJE 2014"]
[Site "Kraljevo"]
[Date "2014.09.17"]
[Round "6.3"]
[White "Madjar, Stanislav"]
[Black "Milenkovic, Mladen"]
[Result "1/2-1/2"]
[WhiteElo "2162"]
[BlackElo "2329"]
[PlyCount "60"]
[EventDate "2014.09.13"]

1. c4 e5 2. g3 Nf6 3. Bg2 d5 4. cxd5 Nxd5 5. Nf3 Nc6 6. O-O Nb6 7. b3 Be6 8.
Bb2 f6 9. Nc3 Qd7 10. d4 Nxd4 11. Nxd4 exd4 12. Ne4 c5 13. Rc1 Rc8 14. e3 Be7
15. exd4 c4 16. Nc5 Bxc5 17. dxc5 Qxd1 18. Rfxd1 Rxc5 19. Bxb7 Kf7 20. Bd4 Ra5
21. Bxb6 axb6 22. bxc4 Rxa2 23. Rd6 Rb2 24. Bd5 Bxd5 25. cxd5 Re8 26. Rd7+ Kg6
27. Rc4 Ree2 28. Rg4+ Kf5 29. Rf4+ Kg6 30. Rg4+ Kf5 1/2-1/2

[Event "PRVA LIGA CENTRALNE SRBIJE 2014"]
[Site "Kraljevo"]
[Date "2014.09.17"]
[Round "6.3"]
[White "Dudukovic, Nikola"]
[Black "Mickovic, Slavisa"]
[Result "1/2-1/2"]
[WhiteElo "2341"]
[BlackElo "2104"]
[PlyCount "57"]
[EventDate "2014.09.13"]

1. c4 c6 2. d4 d5 3. e3 Bf5 4. Nf3 e6 5. Nbd2 Nd7 6. Qb3 Qb6 7. Nh4 Qxb3 8.
axb3 Bc2 9. c5 a6 10. f4 Ngf6 11. b4 Rc8 12. Ra3 Ne4 13. Nb3 Bxb3 14. Rxb3 f5
15. Nf3 Be7 16. Bd3 Ndf6 17. Ke2 Rg8 18. Bd2 g5 19. fxg5 Nxg5 20. Be1 Nge4 21.
Rg1 Kd7 22. Bh4 Rg7 23. Ne5+ Kc7 24. Ra3 Nd7 25. Bxe7 Rxe7 26. Nxd7 Kxd7 27.
Bxe4 dxe4 28. Rf1 Rg8 29. Rf2 1/2-1/2

[Event "PRVA LIGA CENTRALNE SRBIJE 2014"]
[Site "Kraljevo"]
[Date "2014.09.17"]
[Round "6.3"]
[White "Ilic, Aleksandar"]
[Black "Organdziev, Oliver"]
[Result "1/2-1/2"]
[WhiteElo "2114"]
[BlackElo "2302"]
[PlyCount "56"]
[EventDate "2014.09.13"]

1. e4 e6 2. d4 d5 3. Nc3 Nf6 4. e5 Nfd7 5. f4 c5 6. Nf3 Nc6 7. Be3 a6 8. g3
cxd4 9. Nxd4 Bc5 10. Qd2 Nxd4 11. Bxd4 Bxd4 12. Qxd4 Qb6 13. Ne2 O-O 14. Qxb6
Nxb6 15. Nd4 Bd7 16. Bd3 Rac8 17. b3 f6 18. Rf1 fxe5 19. fxe5 Rxf1+ 20. Kxf1
Rf8+ 21. Ke2 Re8 22. Rf1 Re7 23. Ke3 Be8 24. Ne2 Bf7 25. g4 Nd7 26. Kd4 g5 27.
b4 Nb6 28. Nc1 Rc7 1/2-1/2

[Event "PRVA LIGA CENTRALNE SRBIJE 2014"]
[Site "Kraljevo"]
[Date "2014.09.17"]
[Round "6.4"]
[White "Atalik, Suat"]
[Black "Iordachescu, Viorel"]
[Result "1/2-1/2"]
[WhiteElo "2549"]
[BlackElo "2603"]
[PlyCount "55"]
[EventDate "2014.09.13"]

1. d4 Nf6 2. c4 e6 3. Nc3 Bb4 4. Qc2 O-O 5. e4 d5 6. e5 Ne4 7. Bd3 c5 8. Nf3
cxd4 9. Nxd4 Nd7 10. Bf4 Qb6 11. Ndb5 Ndc5 12. O-O Nxd3 13. Qxd3 Nxc3 14. bxc3
dxc4 15. Qg3 Kh8 16. cxb4 Qxb5 17. Rfd1 b6 18. Bg5 Bb7 19. Be7 Rfc8 20. Rd4 c3
21. Re1 c2 22. Qxg7+ Kxg7 23. Rg4+ Kh6 24. Rh4+ Kg6 25. Rg4+ Kh5 26. Rh4+ Kg6
27. Rg4+ Kh5 28. Rh4+ 1/2-1/2

[Event "PRVA LIGA CENTRALNE SRBIJE 2014"]
[Site "Kraljevo"]
[Date "2014.09.17"]
[Round "6.4"]
[White "Milanovic, Danilo"]
[Black "Nenezic, Marko"]
[Result "1/2-1/2"]
[WhiteElo "2481"]
[BlackElo "2424"]
[PlyCount "96"]
[EventDate "2014.09.13"]

1. d4 Nf6 2. c4 d6 3. Nc3 g6 4. e4 Bg7 5. f3 O-O 6. Bg5 a6 7. Qd2 Nbd7 8. Nh3
c5 9. d5 b5 10. Nf2 Qa5 11. Be2 Ne5 12. f4 Nxc4 13. Bxc4 bxc4 14. O-O Re8 15.
Rae1 Nd7 16. e5 dxe5 17. fxe5 Nxe5 18. Bh6 Qc7 19. Bxg7 Kxg7 20. Qf4 f6 21.
Nfe4 Bf5 22. d6 exd6 23. Nxf6 Rf8 24. Ncd5 Qd8 25. Rxe5 dxe5 26. Qxe5 Rxf6 27.
g4 Qd6 28. Qxf6+ Qxf6 29. Nxf6 Kxf6 30. gxf5 gxf5 31. Rc1 Rb8 32. Rc2 Ke6 33.
Kf2 Kd5 34. Ke3 c3 35. b3 f4+ 36. Kd3 f3 37. Rxc3 Rf8 38. Rc1 f2 39. Rf1 Rf3+
40. Ke2 Ke4 41. Rxf2 Rxf2+ 42. Kxf2 Kd3 43. Ke1 Kc2 44. Ke2 a5 45. Ke3 Kb2 46.
Kd3 Kxa2 47. Kc2 h6 48. h3 Ka3 1/2-1/2

[Event "PRVA LIGA CENTRALNE SRBIJE 2014"]
[Site "Kraljevo"]
[Date "2014.09.17"]
[Round "6.4"]
[White "Marinkovic, Ivan"]
[Black "Kostic, Vladimir G"]
[Result "1-0"]
[WhiteElo "2448"]
[BlackElo "2399"]
[PlyCount "93"]
[EventDate "2014.09.13"]

1. e4 c5 2. Nc3 Nc6 3. Nge2 Nf6 4. g3 d6 5. Bg2 Bg4 6. h3 Bd7 7. d4 cxd4 8.
Nxd4 a6 9. Nd5 e6 10. Ne3 Be7 11. O-O O-O 12. c4 Rc8 13. b3 b5 14. Bb2 bxc4 15.
Nxc4 Nxd4 16. Qxd4 e5 17. Qd3 Bb5 18. Rfc1 a5 19. Rc3 Nd7 20. Qc2 Bxc4 21. Rxc4
Rxc4 22. Qxc4 Qb8 23. Rc1 Nc5 24. Bc3 Qa8 25. Bd2 h6 26. h4 Rc8 27. Qb5 Rc7 28.
Bxa5 Rb7 29. Qc6 Ra7 30. Qxa8+ Rxa8 31. b4 Ne6 32. Bh3 g5 33. h5 Kg7 34. Bf1
Nd4 35. g4 Kf6 36. Bd3 Bd8 37. Bxd8+ Rxd8 38. a4 d5 39. exd5 e4 40. Bf1 Nf3+
41. Kg2 Rxd5 42. a5 Rd2 43. b5 Nh4+ 44. Kg3 Ke5 45. b6 f5 46. Rb1 f4+ 47. Kh3
1-0

[Event "PRVA LIGA CENTRALNE SRBIJE 2014"]
[Site "Kraljevo"]
[Date "2014.09.17"]
[Round "6.4"]
[White "Bozic, Milan"]
[Black "Pavlovic, Dejan S"]
[Result "1-0"]
[WhiteElo "2412"]
[BlackElo "2407"]
[PlyCount "81"]
[EventDate "2014.09.13"]

1. d4 d5 2. Nf3 Nf6 3. e3 c6 4. c4 Bf5 5. Nc3 e6 6. Ne5 Nbd7 7. g4 Nxe5 8. gxf5
Nxc4 9. fxe6 fxe6 10. e4 Bb4 11. e5 Ne4 12. Qh5+ g6 13. Qh3 O-O 14. Rg1 Qe7 15.
a3 Ba5 16. b4 Nxf2 17. Qh6 Bb6 18. Bg5 Qf7 19. Qh4 Qf5 20. Ra2 Nd3+ 21. Kd1
Ndxe5 22. Bh3 Qf3+ 23. Ne2 Qb3+ 24. Rc2 Nb2+ 25. Kc1 Nbd3+ 26. Kd1 Nf2+ 27. Kc1
Qxa3+ 28. Kb1 Nxh3 29. Rg3 Qxb4+ 30. Rb2 Qe1+ 31. Bc1 Nf3 32. Qxh3 Nxd4 33. Rg1
Qf2 34. Nxd4 Bxd4 35. Rxf2 Rxf2 36. Qxe6+ Rf7 37. Rg4 Bg7 38. Rf4 Raf8 39. Ba3
Bh6 40. Rf3 Kh8 41. Rxf7 1-0

[Event "PRVA LIGA CENTRALNE SRBIJE 2014"]
[Site "Kraljevo"]
[Date "2014.09.17"]
[Round "6.4"]
[White "Djokic, Nenad"]
[Black "Popovic, Nenad"]
[Result "1-0"]
[WhiteElo "2329"]
[BlackElo "2263"]
[PlyCount "67"]
[EventDate "2014.09.13"]

1. d4 d5 2. c4 e6 3. Nf3 Nf6 4. Nc3 b6 5. Bg5 Be7 6. e3 O-O 7. Qb3 dxc4 8. Bxc4
Bb7 9. Rd1 Nc6 10. Be2 Na5 11. Qc2 Nd5 12. Bxe7 Qxe7 13. Nxd5 Bxd5 14. Qa4 f5
15. O-O f4 16. Rc1 Rac8 17. Qc2 c5 18. b4 Bxf3 19. Bxf3 cxb4 20. Qxc8 Rxc8 21.
Rxc8+ Kf7 22. Rfc1 Kg6 23. R1c7 Qf6 24. Rxa7 fxe3 25. fxe3 Qg5 26. Kf2 Qh4+ 27.
Ke2 e5 28. Rcc7 exd4 29. Rxg7+ Kf6 30. Raf7+ Ke5 31. Re7+ Kf6 32. Rgf7+ Kg6 33.
Be4+ Kg5 34. Re5+ 1-0

[Event "PRVA LIGA CENTRALNE SRBIJE 2014"]
[Site "Kraljevo"]
[Date "2014.09.17"]
[Round "6.4"]
[White "Komnenic, Branko"]
[Black "Tasic, Vladimir"]
[Result "0-1"]
[WhiteElo "2255"]
[BlackElo "2256"]
[PlyCount "64"]
[EventDate "2014.09.13"]

1. d4 c5 2. d5 e5 3. Nc3 d6 4. e4 a6 5. a4 Be7 6. Be2 Bg5 7. Nf3 Bxc1 8. Qxc1
Ne7 9. Nd2 b6 10. Nc4 Ng6 11. g3 O-O 12. h4 h6 13. h5 Nh8 14. g4 f6 15. Ne3 Nf7
16. Bc4 Ng5 17. Qd1 Re8 18. Qe2 Nd7 19. f3 Nf8 20. Kf2 Nfh7 21. Rhb1 Nh3+ 22.
Ke1 Nf4 23. Qf1 Ng5 24. Ne2 Nxe2 25. Bxe2 Qc7 26. Kf2 Qa7 27. c3 Bd7 28. b4
Rec8 29. Nc4 cxb4 30. Nxd6 Rxc3 31. Rxb4 Qc7 32. Qe1 Qc5+ 0-1

[Event "PRVA LIGA CENTRALNE SRBIJE 2014"]
[Site "Kraljevo"]
[Date "2014.09.17"]
[Round "6.5"]
[White "Stojanovski, Dejan"]
[Black "Marjanovic, Slavoljub"]
[Result "1/2-1/2"]
[WhiteElo "2442"]
[BlackElo "2473"]
[PlyCount "76"]
[EventDate "2014.09.13"]

1. d4 Nf6 2. Nf3 d5 3. c3 g6 4. Bf4 Bg7 5. h3 O-O 6. e3 b6 7. Nbd2 Bb7 8. Be2
c5 9. O-O Nbd7 10. a4 a6 11. Bh2 Ne8 12. b4 cxb4 13. cxb4 f6 14. a5 Nd6 15.
Bxd6 exd6 16. axb6 Nxb6 17. Bd3 f5 18. Qe2 f4 19. Bxa6 Bxa6 20. Rxa6 Rxa6 21.
Qxa6 fxe3 22. fxe3 Bh6 23. Qd3 Re8 24. Re1 Kg7 25. e4 Bxd2 26. Nxd2 Qh4 27. Nf3
dxe4 28. Qb5 exf3 29. Rxe8 Qxd4+ 30. Kf1 fxg2+ 31. Kxg2 Nd5 32. Qd7+ Kh6 33.
Qg4 Ne3+ 34. Rxe3 Qxe3 35. h4 Qd2+ 36. Kg3 Kg7 37. Qd7+ Kf6 38. b5 Qe3+ 1/2-1/2

[Event "PRVA LIGA CENTRALNE SRBIJE 2014"]
[Site "Kraljevo"]
[Date "2014.09.17"]
[Round "6.5"]
[White "Maksimovic, Branimir"]
[Black "Djukic, Zeljko"]
[Result "1/2-1/2"]
[WhiteElo "2384"]
[BlackElo "2367"]
[PlyCount "45"]
[EventDate "2014.09.13"]

1. d4 c5 2. d5 d6 3. c4 b5 4. cxb5 a6 5. bxa6 Bxa6 6. Nc3 Nf6 7. Nf3 g6 8. e4
Bxf1 9. Kxf1 Bg7 10. g3 O-O 11. Kg2 Nbd7 12. a4 Qb6 13. Ra3 Rfb8 14. Qc2 Ne8
15. h4 h5 16. Nb5 Nc7 17. Nxc7 Qxc7 18. b3 c4 19. Be3 c3 20. Rha1 Rb4 21. a5
Ra6 22. Nd2 Ne5 23. Nc4 1/2-1/2

[Event "PRVA LIGA CENTRALNE SRBIJE 2014"]
[Site "Kraljevo"]
[Date "2014.09.17"]
[Round "6.5"]
[White "Bojkovic, Slobodan"]
[Black "Mitrovic, Darko R"]
[Result "0-1"]
[WhiteElo "2216"]
[BlackElo "2263"]
[PlyCount "112"]
[EventDate "2014.09.13"]

1. e4 e6 2. d4 d5 3. Nc3 Bb4 4. e5 c5 5. Bd2 Ne7 6. a3 Bxc3 7. Bxc3 Nbc6 8. Nf3
cxd4 9. Nxd4 Nxe5 10. Nxe6 Bxe6 11. Bxe5 O-O 12. Bd3 Nc6 13. Bg3 Qf6 14. Rb1
Rfe8 15. O-O Bf5 16. Bxf5 Qxf5 17. Qd2 Re6 18. Rfe1 Rae8 19. f3 h6 20. Rbd1
Rxe1+ 21. Rxe1 Rxe1+ 22. Bxe1 Qe5 23. c3 Na5 24. Bf2 Nc4 25. Qc2 b5 26. g3 a5
27. Kf1 a4 28. Bc5 Qe3 29. Qf2 Qc1+ 30. Qe1 Nd2+ 31. Ke2 Qxe1+ 32. Kxe1 Nxf3+
33. Ke2 Ng5 34. Kd3 Ne6 35. Bb6 Kf8 36. Kc2 Ke7 37. b3 axb3+ 38. Kxb3 Kd6 39.
Kc2 Kc6 40. Bf2 Kd6 41. Ba7 h5 42. h4 Nd8 43. Be3 Nc6 44. Kb3 Ke5 45. Bf4+ Ke4
46. a4 bxa4+ 47. Kxa4 Nd8 48. Kb5 Ne6 49. Bb8 d4 50. cxd4 Nxd4+ 51. Kc5 Nf5 52.
Kc6 Kf3 53. Kd7 Nxg3 54. Ke7 f5 55. Kf7 Kg4 56. Kxg7 f4 0-1

[Event "PRVA LIGA CENTRALNE SRBIJE 2014"]
[Site "Kraljevo"]
[Date "2014.09.17"]
[Round "6.5"]
[White "Todorovic, Nenad I"]
[Black "Necevski, Aleksandar"]
[Result "0-1"]
[WhiteElo "2163"]
[BlackElo "2270"]
[PlyCount "72"]
[EventDate "2014.09.13"]

1. e4 e6 2. d4 d5 3. Nd2 Nf6 4. e5 Nfd7 5. c3 c5 6. Bd3 Nc6 7. Ngf3 g6 8. h4 h6
9. Bc2 b5 10. Nf1 Ba6 11. a3 Qb6 12. Ne3 cxd4 13. cxd4 b4 14. Bd3 bxa3 15. bxa3
Nxd4 16. Nxd4 Qxd4 17. Bxa6 Qxa1 18. Bb5 Rd8 19. O-O Bg7 20. Qa4 Qxe5 21. Bd2
a6 22. Bxd7+ Rxd7 23. Rc1 Qb8 24. Nxd5 Be5 25. Bf4 exd5 26. Re1 f6 27. Bd2 Qb5
28. Qg4 Kf7 29. h5 Rg8 30. f4 Qa4 31. hxg6+ Rxg6 32. Qh3 Bd4+ 33. Kh2 Kg7 34.
f5 Rg5 35. Bxg5 fxg5 36. Re6 Bf6 0-1

[Event "PRVA LIGA CENTRALNE SRBIJE 2014"]
[Site "Kraljevo"]
[Date "2014.09.17"]
[Round "6.5"]
[White "Perunovic, Ljubivoje"]
[Black "Stankovic, Dejan"]
[Result "0-1"]
[WhiteElo "1915"]
[BlackElo "2260"]
[PlyCount "86"]
[EventDate "2014.09.13"]

1. d4 d5 2. Nf3 Nf6 3. e3 c6 4. c4 e6 5. Nc3 Nbd7 6. cxd5 exd5 7. Bd3 Bd6 8.
O-O O-O 9. Rb1 a5 10. a3 Re8 11. b4 axb4 12. axb4 b5 13. Bd2 Qe7 14. Ne2 Nb6
15. Qc2 Nc4 16. Bxc4 dxc4 17. Ng3 g6 18. Rb2 h5 19. Ne5 h4 20. Ne2 Bf5 21. Qc1
Ra6 22. f3 Bxe5 23. dxe5 Nd7 24. e4 Nxe5 25. Nf4 Bd7 26. Bc3 Rea8 27. Rd2 Be8
28. Qe1 g5 29. Nh3 Nd3 30. Qe3 Ra3 31. Qd4 Qa7 32. Qxa7 R8xa7 33. Bd4 Rd7 34.
Bf6 Nxb4 35. Rxd7 Bxd7 36. Nxg5 Nd3 37. Nh3 c3 38. Nf2 Nf4 39. g3 Ne2+ 40. Kg2
h3+ 41. Nxh3 c2 42. Bg5 Bxh3+ 43. Kxh3 Rc3 0-1

[Event "PRVA LIGA CENTRALNE SRBIJE 2014"]
[Site "Kraljevo"]
[Date "2014.09.17"]
[Round "6.6"]
[White "Parligras, Mircea-Emilian"]
[Black "Jovanovic, Dusan D"]
[Result "1/2-1/2"]
[WhiteElo "2578"]
[BlackElo "2401"]
[PlyCount "38"]
[EventDate "2014.09.13"]

1. d4 Nf6 2. c4 e6 3. Nf3 Bb4+ 4. Nbd2 b6 5. a3 Bxd2+ 6. Qxd2 Bb7 7. e3 a5 8.
b3 O-O 9. Be2 Ne4 10. Qc2 f5 11. Bb2 Rf6 12. d5 Rg6 13. O-O Na6 14. Ne5 Rh6 15.
dxe6 Rxe6 16. f3 Nd6 17. Qc3 Qe7 18. b4 Ne8 19. e4 fxe4 1/2-1/2

[Event "PRVA LIGA CENTRALNE SRBIJE 2014"]
[Site "Kraljevo"]
[Date "2014.09.17"]
[Round "6.6"]
[White "Stojanovic, Dobrisav"]
[Black "Perunovic, Miodrag"]
[Result "0-1"]
[WhiteElo "2367"]
[BlackElo "2415"]
[PlyCount "42"]
[EventDate "2014.09.13"]

1. d4 Nf6 2. c4 e6 3. Nc3 Bb4 4. Qc2 O-O 5. a3 Bxc3+ 6. Qxc3 Qe8 7. f3 d5 8.
Bg5 Nbd7 9. e3 b6 10. c5 bxc5 11. dxc5 e5 12. Ne2 Qe6 13. b4 Ba6 14. c6 Nb6 15.
Qc5 Bc4 16. a4 Rfe8 17. Bxf6 Qxf6 18. a5 Rad8 19. b5 Nc8 20. Rc1 e4 21. f4 Qb2
0-1

[Event "PRVA LIGA CENTRALNE SRBIJE 2014"]
[Site "Kraljevo"]
[Date "2014.09.17"]
[Round "6.6"]
[White "Radovanovic, Dusan"]
[Black "Panic, Nenad"]
[Result "0-1"]
[WhiteElo "2394"]
[BlackElo "2346"]
[PlyCount "80"]
[EventDate "2014.09.13"]

1. d4 c5 2. d5 e6 3. c4 exd5 4. cxd5 d6 5. Nc3 Nf6 6. Nf3 g6 7. Bf4 a6 8. a4
Bg7 9. h3 O-O 10. e3 Re8 11. Nd2 Nh5 12. Bh2 Qc7 13. Be2 Nf6 14. Nc4 Bf8 15.
O-O Nbd7 16. Rc1 Ne4 17. Nxe4 Rxe4 18. Bf3 Re8 19. b4 b5 20. Na3 Qb6 21. Rb1
cxb4 22. Rxb4 Qa5 23. Nc2 bxa4 24. Qa1 Nc5 25. Qa3 Bd7 26. Nd4 Bb5 27. Nc6 Qc7
28. Rxb5 axb5 29. Qxc5 dxc5 30. Bxc7 a3 31. d6 a2 32. Ne7+ Bxe7 33. Bxa8 Rxa8
34. dxe7 f5 35. Ra1 Kf7 36. Bd6 b4 37. Kf1 b3 38. Be5 Ra4 39. Rc1 Rd4 40. exd4
b2 0-1

[Event "PRVA LIGA CENTRALNE SRBIJE 2014"]
[Site "Kraljevo"]
[Date "2014.09.17"]
[Round "6.6"]
[White "Ilic, Dragan M"]
[Black "Marcetic, Nikola"]
[Result "1/2-1/2"]
[WhiteElo "2365"]
[BlackElo "2389"]
[PlyCount "27"]
[EventDate "2014.09.13"]

1. d4 d5 2. c4 e6 3. Nc3 Nf6 4. Nf3 Be7 5. cxd5 exd5 6. Bg5 c6 7. e3 Bf5 8. Bd3
Bxd3 9. Qxd3 Nbd7 10. O-O O-O 11. Rfc1 a5 12. Nd2 Re8 13. Na4 h6 14. Bxf6
1/2-1/2

[Event "PRVA LIGA CENTRALNE SRBIJE 2014"]
[Site "Kraljevo"]
[Date "2014.09.17"]
[Round "6.6"]
[White "Radivojevic, Ivan"]
[Black "Peric, Slavisa"]
[Result "1/2-1/2"]
[WhiteElo "2365"]
[BlackElo "2180"]
[PlyCount "40"]
[EventDate "2014.09.13"]

1. e4 e6 2. d4 d5 3. Nc3 Bb4 4. e5 Qd7 5. a3 Bxc3+ 6. bxc3 b6 7. Qg4 f5 8. Qg3
Ba6 9. Bxa6 Nxa6 10. h4 O-O-O 11. a4 Kb7 12. Ne2 Nb8 13. a5 Nc6 14. Nf4 Nxa5
15. Rxa5 bxa5 16. Nd3 Ka8 17. Nc5 Qf7 18. Qd3 Rb8 19. Qa6 Ne7 20. Qxa5 Nc6
1/2-1/2

[Event "PRVA LIGA CENTRALNE SRBIJE 2014"]
[Site "Kraljevo"]
[Date "2014.09.17"]
[Round "6.6"]
[White "Popovic, Milan S"]
[Black "Zivkovic, Ivan B"]
[Result "1/2-1/2"]
[WhiteElo "2211"]
[BlackElo "2325"]
[PlyCount "24"]
[EventDate "2014.09.13"]

1. e4 c5 2. Nf3 g6 3. g3 Nc6 4. Bg2 Bg7 5. O-O d6 6. c3 e5 7. d3 Nge7 8. a3 a5
9. a4 O-O 10. Na3 h6 11. Nb5 d5 12. exd5 Nxd5 1/2-1/2